000 00720nam a22002417a 4500
003 dpl
005 20170124105913.0
008 161004b xxu||||| |||| 00| 0 eng d
010 _aB-045443
020 _c90.00
_a8125909842
035 _aB-045443
037 _bCen Lib/Ret
040 _aDPL
_bEN
_cTIT
082 _a005.3
_bSAX
100 _aSaxena, Sanjay
_91120
245 _aMS-Word 2000 in a nutshell /
_cby Sanjay Saxena
260 _aNew Delhi
_bVikas Publishing House
_c2000
270 _bNew Delhi
_a576, Masjid Road, Jangpua
_e110014
300 _a141p.
_c21cm(pbk)
650 _aComputer science
_y
_9107193
650 _aComputer programming
_91122
942 _2ddc
_cEN
_h005.3
_mSAX
999 _c122606
_d122606